PRODUCTION AND OPERATIONS MANAGEMENT (Record no. 8876)
[ view plain ]
| 000 -LEADER | |
|---|---|
| fixed length control field | 00553nam a22001577a 4500 |
| 003 - CONTROL NUMBER IDENTIFIER | |
| control field | SGT |
| 020 ## - INTERNATIONAL STANDARD BOOK NUMBER | |
| International Standard Book Number | 9788120345553 |
| 082 ## - DEWEY DECIMAL CLASSIFICATION NUMBER | |
| Classification number | 658.5 |
| 100 ## - MAIN ENTRY--PERSONAL NAME | |
| Personal name | PANNEERSELVAM,R |
| 245 ## - TITLE STATEMENT | |
| Title | PRODUCTION AND OPERATIONS MANAGEMENT |
| 260 ## - PUBLICATION, DISTRIBUTION, ETC. (IMPRINT) | |
| Place of publication, distribution, etc | NEW DELHI |
| Name of publisher, distributor, etc | PHI |
| Year of Publication | 2013 |
| 300 ## - PAGE DESCRIPTION | |
| No. of Pages | 700 |
| 650 ## - SUBJECT ADDED ENTRY--TOPICAL TERM | |
| Topical term or geographic name as entry element | MANAGEMENT |
| 653 ## - KEYWORDS--INDEX TERM | |
| Keyword term | INTRODUCTION,DESIGN AND ANALYSIS,CAPACITY PLANNING AND INVESTMENT DECISIONS,FORECASTING,FACILITY LOCATION,PLANT LAYOUT AND MATERIALS HANDLING,LINE OF BALANCE,MATERIALS REQUIREMENTS PLANNING,WORK STUDY,QUALITY CONTROL |
| 942 ## - ADDED ENTRY ELEMENTS (KOHA) | |
| Source of classification or shelving scheme | Dewey Decimal Classification |
| Koha item type | FCM Books |
| 942 ## - ADDED ENTRY ELEMENTS (KOHA) | |
| -- | 21 |
| Withdrawn status | Lost status | Source of classification or shelving scheme | Damaged status | Not for loan | Collection code | Home library | Current library | Shelving location | Date acquired | Vendor Name | Cost, normal purchase price | SGTU | Bill Number | Full call number | Accession No. (Barcode) | Date last seen | Bill Date | Koha item type | Total Checkouts | Date last borrowed |
|---|---|---|---|---|---|---|---|---|---|---|---|---|---|---|---|---|---|---|---|---|
| Dewey Decimal Classification | Not For Loan | COMMERCE MANAGEMENT | SGT Science & Social Sciences Library | SGT Science & Social Sciences Library | Reference Book | 01/06/2016 | KIRITY PRAKASHON | 375.00 | SGTU | 2365 | 658.5 | CM699 | 01/06/2016 | 16/03/2015 | FCM Books | |||||
| Dewey Decimal Classification | COMMERCE MANAGEMENT | SGT Science & Social Sciences Library | SGT Science & Social Sciences Library | Text Book | 01/06/2016 | KIRITY PRAKASHON | 375.00 | SGTU | 2365 | 658.5 | CM700 | 23/06/2025 | 16/03/2015 | FCM Books | 13 | 16/06/2025 | ||||
| Dewey Decimal Classification | COMMERCE MANAGEMENT | SGT Science & Social Sciences Library | SGT Science & Social Sciences Library | On Display | 27/06/2016 | SPARCH BOOKS | 350.00 | SGTU | 1290 | 658.5 | CM472 | 30/12/2024 | 25/11/2014 | FCM Books | 10 | 30/12/2024 | ||||
| Dewey Decimal Classification | COMMERCE MANAGEMENT | SGT Science & Social Sciences Library | SGT Science & Social Sciences Library | On Display | 27/06/2016 | SPARCH BOOKS | 350.00 | SGTU | 1290 | 658.5 | CM473 | 03/06/2025 | 25/11/2014 | FCM Books | 12 | 23/04/2025 |